HOSPITALITY AND TOURISM MANAGEMENT (Record no. 8121)

MARC details
000 -LEADER
fixed length control field 00343nam a22001457a 4500
020 ## - INTERNATIONAL STANDARD BOOK NUMBER
International Standard Book Number 81-8204-010-8
082 ## - DEWEY DECIMAL CLASSIFICATION NUMBER
Classification number 647.01
Item number DIX
100 ## - MAIN ENTRY--PERSONAL NAME
Personal name DIXIT, SAURBH
245 ## - TITLE STATEMENT
Title HOSPITALITY AND TOURISM MANAGEMENT
260 ## - PUBLICATION, DISTRIBUTION, ETC. (IMPRINT)
Place of publication, distribution, etc DELHI
Name of publisher, distributor, etc AMAN PUBLISHER
Year of Publication 2006
300 ## - PAGE DESCRIPTION
No. of Pages 438
650 ## - SUBJECT ADDED ENTRY--TOPICAL TERM
Topical term or geographic name as entry element HOSPITALITY MANAGEMENT
653 ## - KEYWORDS--INDEX TERM
Keyword term TOURISM
942 ## - ADDED ENTRY ELEMENTS (KOHA)
Source of classification or shelving scheme Dewey Decimal Classification
Koha item type Books

No items available.